|
|
|
|
| LEADER |
00000cam a2200000 a 4500 |
| 001 |
vtls010035944 |
| 003 |
SK-MaSNL |
| 005 |
20260302044458.0 |
| 008 |
240315s2009 xo oab e p 001 0 slo |
| 015 |
|
|
|a SNBA2013/11
|
| 020 |
|
|
|a 9788080672270
|q (viaz.)
|
| 035 |
|
|
|a E2D53E51-F67A-4777-B5E5-DD02B4A2B851
|
| 035 |
|
|
|a urn:nbn:sk:snk-amk9pk
|
| 035 |
|
|
|a urn:nbn:sk:snk-am008avu
|
| 040 |
|
|
|a SNK
|b slo
|c SNK
|e AACR2
|
| 041 |
0 |
|
|a slo
|
| 043 |
|
|
|a x------
|
| 044 |
|
|
|a xo
|c SK
|
| 072 |
|
7 |
|a 913
|x Regionálna geografia
|2 konspekt
|
| 072 |
|
7 |
|a 37.016
|x Učebné osnovy. Vyučovacie predmety. Učebnice
|2 konspekt
|
| 080 |
|
|
|a 913(100)
|2 2001
|
| 080 |
|
|
|a (048.8)
|2 2001
|
| 080 |
|
|
|a (100)
|2 2001
|
| 080 |
|
|
|a (072)
|2 2001
|
| 100 |
1 |
|
|a Zubriczký, Gabriel,
|d 1968-
|4 aut
|9 105926
|
| 245 |
1 |
0 |
|a Geografia štátov sveta
|c Gabriel Zubriczký ; [mapy a návrh obálky: Róbert Čeman]
|
| 250 |
|
|
|a 1. vyd.
|
| 260 |
|
|
|a Bratislava
|b Mapa Slovakia
|c 2009
|
| 300 |
|
|
|a 254 s.
|b fotogr., ilustr., mp.
|c 24 cm
|
| 504 |
|
|
|a Bibliografia s. 254, register
|
| 650 |
0 |
7 |
|a World geography
|2 SNKPHeng
|9 311408
|
| 650 |
0 |
7 |
|a regionálna geografia sveta
|2 SNKPH
|9 93318
|
| 651 |
|
7 |
|a Countries of the world
|2 SNKPHeng
|9 266838
|
| 651 |
|
7 |
|a krajiny sveta
|2 SNKPH
|9 253334
|
| 655 |
|
7 |
|a prehľady
|2 SNKPH
|9 70194
|
| 655 |
|
7 |
|a učebné pomôcky
|2 SNKPH
|9 70567
|
| 655 |
|
7 |
|a Surveys
|2 SNKPHeng
|9 266058
|
| 655 |
|
7 |
|a Teaching aids
|2 SNKPHeng
|9 315691
|
| 700 |
1 |
|
|a Čeman, Róbert
|4 bkd
|9 43254
|
| 852 |
|
|
|a Slovenská pedagogická knižnica v Bratislave
|
| 919 |
|
|
|a 978-80-8067-227-0
|
| 958 |
|
|
|a OND
|
| 958 |
|
|
|a NB
|
| 999 |
|
|
|c 1089835
|d 1091765
|
| 952 |
|
|
|a SNK
|b SNK
|y PREZ
|7 0
|p 17A0640745
|o snkSC 138610
|i snk2010/919
|8 0
|0 0
|1 0
|4 0
|d 2010-01-19
|l 0
|r 2017-06-30 00:00:00
|w 2026-02-24
|
| 952 |
|
|
|a SNK
|b SNK
|y VYP
|7 0
|p 17A0640744
|o snkSC 138610 D1
|i snk2010/920
|8 0
|z Digitalizovaný
|0 0
|1 0
|4 0
|d 2010-01-19
|l 0
|r 2026-02-24 16:54:00
|w 2026-02-24
|